Statystyki dla Węże w Polsce(dla Ignacego)

Kliknij tutaj aby rozwiązać quiz!

Ogólne statystyki

  • Ten quiz został rozwiązany 272 razy
  • Średni wynik to 2 z 6

Statystyki odpowiedzi

Wąż% Poprawnych
żmija zygzakowata
91%
zaskroniec zwyczajny
51%
wąż eskulapa
49%
gniewosz plamisty
29%
zaskroniec rybołów
14%
wąż ogrodowy
5%

Rozkład punktacji

Percentyl według liczby udzielonych odpowiedzi

Procent ludzi z każdym wynikiem

Twoja historia wyników

Nie rozwiązałeś tego quizu